| 000 | 00406 a2200145 4500 | ||
|---|---|---|---|
| 999 |
_c6479 _d6479 |
||
| 020 | _a9780074602775 | ||
| 050 | _aQK725NAV1994 | ||
| 100 |
_aNarayanaswamy , S _eauthor |
||
| 245 |
_aPlant cell and tissue culture / _cS Narayanaswamy |
||
| 264 |
_aNew Delhi : _bTata McGraw-Hill Pub. Co., _c1994 |
||
| 300 | _a652p. : | ||
| 500 | _aincludes index | ||
| 650 | _a Cell culture. | ||
| 942 |
_2lcc _cBK _h725 _iNAV _kQK |
||